A text book of electrical technology in SI system of units (Record no. 184718)
[ view plain ]
| 000 -LEADER | |
|---|---|
| fixed length control field | 00481nam a2200169Ia 4500 |
| 005 - DATE AND TIME OF LATEST TRANSACTION | |
| control field | 20250415161321.0 |
| 008 - FIXED-LENGTH DATA ELEMENTS--GENERAL INFORMATION | |
| fixed length control field | 231217s9999 xx 000 0 und d |
| 020 ## - INTERNATIONAL STANDARD BOOK NUMBER | |
| International Standard Book Number | 9788121924405 |
| 082 ## - DEWEY DECIMAL CLASSIFICATION NUMBER | |
| Classification number | 621.31 THE;2 |
| 100 ## - MAIN ENTRY--PERSONAL NAME | |
| Personal name | Theraja, B L. Theraja, A K. Tarnekar, S G |
| 245 #2 - TITLE STATEMENT | |
| Title | A text book of electrical technology in SI system of units |
| 250 ## - EDITION STATEMENT | |
| Edition statement | 1st ed. |
| 260 ## - PUBLICATION, DISTRIBUTION, ETC. (IMPRINT) | |
| Date of publication, distribution, etc. | 1959 |
| Name of publisher, distributor, etc. | S Cand and co. |
| Place of publication, distribution, etc. | New Delhi |
| 300 ## - PHYSICAL DESCRIPTION | |
| Extent | xiv, 864+iv |
| 650 ## - SUBJECT ADDED ENTRY--TOPICAL TERM | |
| Topical term or geographic name as entry element | electrical,SI |
| 942 ## - ADDED ENTRY ELEMENTS (KOHA) | |
| Koha item type | Books |
| Date last seen | Total Checkouts | Full call number | Accession number | Old discount | Uniform Resource Identifier | Cost, replacement price | Price effective from | Category | Public note | Lost status | Damaged status | Department | Withdrawn status | bill no. | bill date | Permanent Location | Current Location | Shelving location | Entry date | Vendor | Cost, normal purchase price | Grants | Currency symbol | Conversion rate | Discount | Discount type | Checked out | Date checked out |
|---|---|---|---|---|---|---|---|---|---|---|---|---|---|---|---|---|---|---|---|---|---|---|---|---|---|---|---|---|
| 26/01/2024 | 621.31 THE;2 | 57393 | 12 | digital/contents/57394.pdf | 387.20 | 26/01/2024 | Books | SC-ST(1709) | Central Library | SBH/CRB/060125 | 12/09/2013 | Central Library | Central Library | SC-ST | 10/12/2009 | Sapna Book House | 440.00 | SC-ST | RS | 1 | 52.8 | Rupees | ||||||
| 02/04/2024 | 1 | 621.31 THE;3 | 57394 | 12 | digital/contents/57394.pdf | 387.20 | 26/01/2024 | Books | SC-ST(1710) | Central Library | SBH/CRB/060125 | 12/09/2013 | Central Library | Central Library | SC-ST | 10/12/2009 | Sapna Book House | 440.00 | SC-ST | RS | 1 | 52.8 | Rupees | 21/06/2017 | 02/04/2024 |
